| 000 | 01619nam a22001817a 4500 | ||
|---|---|---|---|
| 999 |
_c38784 _d38784 |
||
| 020 | _a9781009455961 | ||
| 082 |
_a320.954 _bPAR-R |
||
| 100 |
_aParasher, Tejas _eAuthor |
||
| 245 |
_aRadical Democracy in Modern Indian Political Thought _bIndian Political _cBy Tejas Parasher |
||
| 260 |
_aNew Delhi : _bCambridge University Press, _c2023. |
||
| 300 | _ax, 203p. | ||
| 504 | _aInclude Bibliography and index. | ||
| 520 | _aBetween the 1910s and the 1970s, an eclectic group of Indian thinkers, constitutional reformers, and political activists articulated a theory of robustly democratic, participatory popular sovereignty. Taking parliamentary government and the modern nation-state to be prone to corruption, these thinkers advocated for ambitious federalist projects of popular government as alternatives to liberal, representative democracy. Radical Democracy in Modern Indian Political Thought is the first study of this counter-tradition of democratic politics in South Asia. Examining well-known historical figures such as Dadabhai Naoroji, M. K. Gandhi, and M. N. Roy alongside long-neglected thinkers from the Indian socialist movement, Tejas Parasher illuminates the diversity of political futures imagined at the end of the British Empire in South Asia. This book reframes the history of twentieth-century anti-colonialism in novel terms – as a contest over the nature of modern political representation – and pushes readers to rethink accepted understandings of democracy today. | ||
| 650 |
_aDemocracy _zIndia |
||
| 650 |
_aRadicalism _zIndia |
||
| 650 |
_aPolitical Thought _zIndia |
||
| 942 |
_2ddc _cBK |
||